Big Nate from the top / (Record no. 1903)

MARC details
000 -LEADER
fixed length control field 01345cam a22003737i 4500
005 - DATE AND TIME OF LATEST TRANSACTION
control field 20231106140259.0
020 ## - INTERNATIONAL STANDARD BOOK NUMBER
International Standard Book Number 9781449402327 (pbk.)
020 ## - INTERNATIONAL STANDARD BOOK NUMBER
International Standard Book Number 1449402321 (pbk.)
040 ## - CATALOGING SOURCE
Original cataloging agency BTCTA
Language of cataloging eng
Description conventions rda
Transcribing agency BTCTA
Modifying agency IHY
-- ZS3
-- ZQP
-- WL8
-- MCT
-- EHH
-- IGP
-- DLC
050 00 - LIBRARY OF CONGRESS CALL NUMBER
Classification number PZ7.7.P39
Item number Bf 2010
082 ## - DEWEY DECIMAL CLASSIFICATION NUMBER
Classification number Fic
100 1# - MAIN ENTRY--PERSONAL NAME
Personal name Peirce, Lincoln,
Relator term author,
-- illustrator.
245 10 - TITLE STATEMENT
Title Big Nate from the top /
Statement of responsibility, etc. by Lincoln Peirce.
246 30 - VARYING FORM OF TITLE
Title proper/short title From the top
250 ## - EDITION STATEMENT
Edition statement First Scholastic printg, January 2011
260 ## - PUBLICATION, DISTRIBUTION, ETC.
Place of publication, distribution, etc. New York :
Name of publisher, distributor, etc. Scholastic,
Date of publication, distribution, etc. 2011
300 ## - PHYSICAL DESCRIPTION
Extent 223 pages :
Other physical details color illustrations ;
Dimensions 23 cm
500 ## - GENERAL NOTE
General note These comic strips appeared in newspapers from August 28, 2006, through April 1, 2007.
505 ## - FORMATTED CONTENTS NOTE
Formatted contents note F<br/>
520 ## - SUMMARY, ETC.
Summary, etc. Nate Wright is an eleven years old sixth grader who has the distinction of setting the record for school detentions.
521 ## - TARGET AUDIENCE NOTE
Target audience note 330 <br/>
Source Lexile NL<br/>
521 ## - TARGET AUDIENCE NOTE
Target audience note F<br/>
Source Raz-Plus
650 #0 - SUBJECT ADDED ENTRY--TOPICAL TERM
Topical term or geographic name entry element Big Nate (Fictitious character)
Form subdivision Comic books, strips, etc.
650 #1 - SUBJECT ADDED ENTRY--TOPICAL TERM
Topical term or geographic name entry element Middle schools
Form subdivision Fiction.
650 #1 - SUBJECT ADDED ENTRY--TOPICAL TERM
Topical term or geographic name entry element Behavior
Form subdivision Fiction.
650 #1 - SUBJECT ADDED ENTRY--TOPICAL TERM
Topical term or geographic name entry element Schools
Form subdivision Fiction.
650 #1 - SUBJECT ADDED ENTRY--TOPICAL TERM
Topical term or geographic name entry element Graphic novels.
650 #7 - SUBJECT ADDED ENTRY--TOPICAL TERM
Topical term or geographic name entry element Middle schools
Form subdivision Fiction.
Source of heading or term sears
650 #7 - SUBJECT ADDED ENTRY--TOPICAL TERM
Topical term or geographic name entry element Human behavior
Form subdivision Fiction.
Source of heading or term sears
655 #0 - INDEX TERM--GENRE/FORM
Genre/form data or focus term Comic books, strips, etc.
655 #0 - INDEX TERM--GENRE/FORM
Genre/form data or focus term Humorous stories.
942 ## - ADDED ENTRY ELEMENTS (KOHA)
Source of classification or shelving scheme Dewey Decimal Classification
Koha item type Books
Suppress in OPAC No
999 ## -
-- 1903
-- 1903
Holdings
Withdrawn status Lost status Source of classification or shelving scheme Damaged status Not for loan Collection Home library Current library Shelving location Date acquired Total Checkouts Full call number Barcode Date last seen Date last checked out Price effective from Koha item type
    Dewey Decimal Classification     Juvenile Fiction Footprints International School Library Network Toul Kork Campus Footprints International School Library Network Toul Kork Campus A TK Campus, Comic Books (All Reading Levels), B401 Bookcase 1/2, Shelf 3 10/09/2023 3 PEI Fic PZ7.P535 FISTK05328 02/05/2026 05/02/2025 10/09/2023 Books